| Tag |
First Indicator |
Second Indicator |
Subfields |
| LEADER |
00000cgm a22000003i 4500 |
| 001 |
in00003747607 |
| 006 |
m||||||||c|||||||| |
| 007 |
cr |n|---||a|a |
| 007 |
vz |zazu| |
| 008 |
080405s1994 nyu052 g||||||s|||v|eng|d |
| 005 |
20260324205740.0 |
| 035 |
|
|
|a (OCoLC)747798941
|
| 035 |
|
|
|a ASP1652570/hlth
|
| 040 |
|
|
|a VaAlASP
|c VaAlASP
|d UtOrBLW
|
| 050 |
|
4 |
|a R702
|b .T446 1994
|
| 245 |
0 |
4 |
|a The origins of disease /
|c produced by Film Australia.
|
| 264 |
|
1 |
|a New York, NY :
|b Filmakers Library,
|c 1994.
|
| 300 |
|
|
|a 1 online resource (52 min.).
|
| 336 |
|
|
|a two-dimensional moving image
|b tdi
|2 rdacontent
|
| 337 |
|
|
|a computer
|b c
|2 rdamedia
|
| 337 |
|
|
|a video
|b v
|2 rdamedia
|
| 338 |
|
|
|a online resource
|b cr
|2 rdacarrier
|
| 338 |
|
|
|a other
|b vz
|2 rdacarrier
|
| 500 |
|
|
|a Originally released as DVD.
|
| 500 |
|
|
|a Title from resource description page (viewed May 24, 2011).
|
| 520 |
|
|
|a Filmed in the U.S., Hungary, India and Australia, this episode investigates through various case studies how epidemics break out. A virus alone does not make an epidemic. Many factors working together cause a disease to spread from its isolated origins. On the Baltimore docks, for example, rats are carrying a disease called Korean hemorrhagic fever. The disease, with its origins in 9th century China, re-emerged during the Korean War when burning brush caused rats to migrate to the port of Seoul. Now the rats have surfaced in Baltimore, bringing with them the risk of infection. This program also covers environmental ailments such as Karpal Tunnel Syndrome and Post Traumatic Stress Disorder and heart disease.
|
| 521 |
|
|
|a For College; Adult audiences.
|
| 546 |
|
|
|a English.
|
| 500 |
|
|
|a Slide.
|
| 650 |
|
0 |
|a Communicable diseases
|x Transmission.
|0 http://id.loc.gov/authorities/subjects/sh85038417
|
| 650 |
|
0 |
|a Diseases
|x Causes and theories of causation.
|0 http://id.loc.gov/authorities/subjects/sh85038413
|
| 650 |
|
0 |
|a Environmentally induced diseases.
|0 http://id.loc.gov/authorities/subjects/sh85044215
|
| 650 |
|
0 |
|a Epidemics.
|0 http://id.loc.gov/authorities/subjects/sh85044370
|
| 655 |
|
7 |
|a Internet videos.
|2 lcgft
|0 http://id.loc.gov/authorities/genreForms/gf2011026337
|
| 655 |
|
7 |
|a Documentary films.
|2 lcgft
|0 http://id.loc.gov/authorities/genreForms/gf2011026205
|
| 710 |
2 |
|
|a Film Australia (Organization)
|0 http://id.loc.gov/authorities/names/n80050301
|
| 856 |
4 |
0 |
|u http://proxy.library.tamu.edu/login?url=https://www.aspresolver.com/aspresolver.asp?HLTH;1652570
|z Connect to this streaming video (Alexander Street Press)
|t 0
|
| 999 |
f |
f |
|s db55481a-c6a4-3de8-913a-8590463c7c1c
|i d8e5aef6-b990-3048-8f3c-5bbacb08decd
|t 0
|
| 952 |
f |
f |
|a Texas A&M University
|b College Station
|c Electronic Resources
|s www_evans
|d Available Online
|t 0
|e R702 .T446 1994
|h Library of Congress classification
|
| 998 |
f |
f |
|a R702 .T446 1994
|t 0
|l Available Online
|